000 00635nam a22001937a 4500
005 20161130170048.0
010 _aENG-116721
020 _a9788184845167
_c850.00
035 _aEN-100253
037 _bDBAD/PUB
082 _a305.51220954
245 _aDr. B.R. Ambedkar on casteism, dalits and untouchability :
_cedited by Binod Prasad
_bfocus on present day scenario /
260 _aNew Delhi
_bRegal Publications
_c2016
270 _aF-159, Rajouri Garden
_bNew Delhi
_e110027
300 _axii,186p.
_c23cm(Hb)
500 _aIncludes index
700 _aBinod Prasad
942 _2ddc
_cEN
_h305.51220954
_mAMB
999 _c104891
_d104891